Statistics for Countries With A History of Having Communism, Socialism, Ephemeral, or Anarcho Communism

Click here to take the quiz!

General Stats

  • This quiz has been taken 762 times
    (703 since last reset)
  • The average score is 48 of 78

Answer Stats

Country% Correct
Russia
96%
China
93%
Vietnam
89%
Cuba
86%
Germany
86%
North Korea
84%
Poland
84%
Ukraine
84%
Laos
83%
Albania
81%
Latvia
81%
Serbia
81%
Estonia
80%
Lithuania
80%
Cambodia
79%
Romania
79%
Bulgaria
77%
Mongolia
77%
Afghanistan
76%
Belarus
76%
Croatia
76%
Slovakia
74%
Slovenia
74%
Armenia
73%
Hungary
73%
Uzbekistan
73%
Kazakhstan
72%
Turkmenistan
72%
Tajikistan
71%
Spain
70%
Azerbaijan
69%
Georgia
69%
Angola
68%
Greece
68%
Moldova
68%
Montenegro
68%
Finland
67%
France
67%
India
67%
Iran
66%
Czech Republic
65%
Egypt
65%
Iraq
65%
Syria
63%
Ethiopia
62%
Kosovo
62%
Macedonia
61%
Republic of the Congo
61%
Algeria
60%
Mexico
60%
Portugal
59%
Kyrgyzstan
58%
Libya
58%
Chile
57%
Yemen
56%
Mozambique
53%
Nicaragua
53%
Myanmar
52%
Sudan
49%
Benin
43%
Colombia
43%
Eritrea
43%
Bangladesh
42%
Grenada
39%
Bosnia and Herzegovina
38%
Denmark
36%
Guatemala
36%
South Sudan
36%
Sri Lanka
35%
Burkina Faso
34%
Tanzania
33%
Guyana
27%
Madagascar
25%
Guinea Bissau
21%
Maldives
17%
Seychelles
16%
San Marino
15%
Sao Tome and Principe
14%

Score Distribution

Percentile by Number Answered

Percent of People with Each Score

Your Score History

You have not taken this quiz since the last reset